| 000 | 01186nam a2200217Ia 4500 | ||
|---|---|---|---|
| 003 | Ost | ||
| 005 | 20260416102357.0 | ||
| 008 | 260416s9999||||xx |||||||||||||| ||und|| | ||
| 040 | _cfsecg | ||
| 041 | _aara | ||
| 082 | _a338.5 | ||
| 100 |
_aفتح الله، مسعودة _eمؤلف |
||
| 245 | 0 |
_aملخص دروس وتمارين محلولة في مقياس الاقتصاد الجزئي 1 / _c مسعودة فتح الله |
|
| 260 |
_aالجزائر _bجامعة الجزائر3: كلية العلوم الإقتصادية، العلوم التجارية وعلوم التسيير _c2021 |
||
| 300 |
_a132 ورقة _bايضاحات _c30 سم |
||
| 504 | _aمراجع ص.132 | ||
| 520 | _aمدخل للتحليل الاقتصادي، نظرية الطلب و العرض، توازن السوق و تطبيقاته، نظرية سلوك المستهلك. | ||
| 653 | _aالاقتصاد الجزئي | ||
| 710 |
_aجامعة الجزائر3: كلية العلوم الإقتصادية، العلوم التجارية وعلوم التسيير _eناشر علمي |
||
| 942 | _cHANDOUT | ||
| 999 |
_c41272 _d41272 |
||